10 największych polskich miast pod względem ludności - Statystyki

Ogólne statystyki
  • Ten quiz został rozwiązany 230 razy
    75 od ostatniego zresetowania
  • Średni wynik to 9 z 10
Statystyki odpowiedzi
Wskazówka Odpowiedź % Poprawnych
1. Warszawa 1 862 402
100%
2. Kraków 807 644
98%
5. Poznań 536 818
98%
3. Wrocław 673 531
98%
6. Gdańsk 487 834
97%
7. Szczecin 387 700
95%
10. Białystok 290 907
93%
4. Łódź 648 711
86%
9. Bydgoszcz 324 984
83%
8. Lublin 328 868
83%
Nie znaleziono quizów pasujących do podanych kryteriów
Rozkład punktacji
Procent ludzi z każdym wynikiem
Percentyl według liczby udzielonych odpowiedzi
Twoja historia wyników
Nie rozwiązałeś tego quizu od ostatniego zresetowania